[Event "Liberec op 14th"]
[Site "Liberec"]
[Date "2013.10.29"]
[Round "5"]
[White "Suchomel, Ales"]
[Black "Lacha, Jan"]
[Result "0-1"]
[WhiteElo "2087"]
[BlackElo "1866"]
[PlyCount "110"]
[EventDate "2013.10.26"]
[EventType "swiss"]
[EventRounds "9"]
[EventCountry "CZE"]
[SourceTitle "EXT 2014"]
[Source "ChessBase"]
[SourceDate "2013.11.20"]
[SourceVersion "1"]
[SourceVersionDate "2013.11.20"]
[SourceQuality "1"]

1. Nf3 e6 2. d4 f5 3. c4 Nf6 4. Nc3 Be7 5. g3 0-0 6. Bg2 d6 7. 0-0 a5 8. Bg5 Ne4 9. Bxe7 Qxe7 10. Qb3 Nxc3 11. Qxc3 Nd7 12. Nd2 e5 13. Rfe1 e4 14. f4 b6 15. Nb3 a4 16. Nc1 Qf6 17. e3 Bb7 18. Ne2 c6 19. a3 Rfc8 20. Qc2 d5 21. Nc3 dxc4 22. Nxa4 b5 23. Nc3 Nb6 24. Bf1 Nd5 25. b3 Nxc3 26. Qxc3 cxb3 27. Qxb3+ Qf7 28. Rab1 Qxb3 29. Rxb3 Ra4 30. Rc1 Rca8 31. Rcc3 b4 32. Rxb4 Rxb4 33. axb4 Ra1 34. Kg2 Rb1 35. Rc5 Rb2+ 36. Kg1 Rb1 37. b5 cxb5 38. Rxb5 Rxf1+ 39. Kg2 Ba6 40. Rxf5 Rc1 41. Ra5 Bd3 42. d5 Rc2+ 43. Kg1 Kf7 44. Ra7+ Kf6 45. d6 Rd2 46. g4 h6 47. d7 Bb5 48. g5+ hxg5 49. fxg5+ Kg6 50. Ra5 Bxd7 51. Re5 Bf5 52. h4 Re2 53. Re7 Rxe3 54. h5+ Kxg5 55. Rxg7+ Kxh5 0-1

[Event "CZE-chT2B 1213"]
[Site "Czech Republic"]
[Date "2013.02.03"]
[Round "8.4"]
[White "Pochinkov, Andrey"]
[Black "Suchomel, Ales"]
[Result "0-1"]
[WhiteElo "2164"]
[BlackElo "2055"]
[PlyCount "182"]
[EventDate "2012.10.14"]
[EventType "team-tourn"]
[EventRounds "11"]
[EventCountry "CZE"]
[SourceTitle "EXT 2015"]
[Source "ChessBase"]
[SourceDate "2014.11.20"]
[SourceVersion "1"]
[SourceVersionDate "2014.11.20"]
[SourceQuality "1"]
[WhiteTeam "Jicin II"]
[BlackTeam "Liberec Desko"]
[WhiteTeamCountry "CZE"]
[BlackTeamCountry "CZE"]

1. Nf3 Nf6 2. b3 d5 3. Bb2 Nbd7 4. d4 g6 5. Nbd2 Bg7 6. e3 0-0 7. Bd3 c5 8. 0-0 b6 9. Qe2 Bb7 10. Ne5 Ne4 11. Ndf3 Rc8 12. Nxd7 Qxd7 13. Ne5 Qc7 14. f3 Nd6 15. c4 dxc4 16. bxc4 cxd4 17. exd4 Bxe5 18. dxe5 Nxc4 19. Rac1 Bd5 20. Rc2 b5 21. Rfc1 Qb6+ 22. Kh1 Qe6 23. Bd4 a6 24. f4 f5 25. exf6 Qxe2 26. Rxe2 exf6 27. Re7 Rcd8 28. Kg1 Bf7 29. Bxc4 Rxd4 30. Bb3 Bxb3 31. axb3 Rf7 32. Re8+ Kg7 33. Ra8 Rb4 34. Rc3 Rxf4 35. Rxa6 Rd7 36. h3 Rd2 37. Ra7+ Kh6 38. Rb7 Rb4 39. Re7 f5 40. Kh2 f4 41. h4 f3 42. Rxf3 Rxh4+ 43. Kg3 Rh5 44. Rff7 Rg5+ 45. Kf3 Rf5+ 46. Rxf5 gxf5 47. Re5 Rd3+ 48. Kf4 Rxb3 49. Kxf5 Rb2 50. g4 Rf2+ 51. Ke6 b4 52. Rf5 Rg2 53. Rf4 b3 54. Kf5 Rg1 55. Rb4 Rb1 56. Rb6+ Kg7 57. Rb7+ Kf8 58. Kf6 Ke8 59. Kg7 b2 60. g5 Kd8 61. Kg8 Kc8 62. Rb3 Kd7 63. Kg7 Kd6 64. Rb8 Ke7 65. Rb7+ Kd6 66. Rb6+ Kc5 67. Rb8 Kd4 68. Rb7 Ke5 69. Rb5+ Kf4 70. Kg8 Rh1 71. Rxb2 Kxg5 72. Rb5+ Kf4 73. Rb4+ Ke3 74. Rb3+ Kd4 75. Rb4+ Kc3 76. Rb7 h5 77. Rh7 h4 78. Kh8 h3 79. Rh6 Kd2 80. Rh7 Ke2 81. Re7+ Kf2 82. Rf7+ Kg2 83. Rg7+ Kh2 84. Rg6 Rg1 85. Ra6 Kh1 86. Ra3 h2 87. Ra2 Rf1 88. Ra6 Kg1 89. Rg6+ Kf2 90. Rf6+ Ke2 91. Re6+ Kd3 0-1

[Event "CZE-chT2B 1213"]
[Site "Czech Republic"]
[Date "2012.12.02"]
[Round "4.4"]
[White "Vltavsky, Vladimir"]
[Black "Suchomel, Ales"]
[Result "1/2-1/2"]
[WhiteElo "2177"]
[BlackElo "2055"]
[PlyCount "42"]
[EventDate "2012.10.14"]
[EventType "team-tourn"]
[EventRounds "11"]
[EventCountry "CZE"]
[SourceTitle "EXT 2015"]
[Source "ChessBase"]
[SourceDate "2014.11.20"]
[SourceVersion "1"]
[SourceVersionDate "2014.11.20"]
[SourceQuality "1"]
[WhiteTeam "Turnov Zikuda II"]
[BlackTeam "Liberec Desko"]
[WhiteTeamCountry "CZE"]
[BlackTeamCountry "CZE"]

1. e4 c5 2. Nf3 e6 3. c3 d5 4. exd5 Qxd5 5. d4 Nc6 6. Be2 Nf6 7. 0-0 cxd4 8. cxd4 Be7 9. Nc3 Qa5 10. a3 0-0 11. Qb3 Nd5 12. Bd2 Qb6 13. Qc4 Bf6 14. Na4 Qd8 15. Be3 e5 16. Rad1 exd4 17. Bxd4 Nxd4 18. Nxd4 Nb6 19. Nxb6 Qxb6 20. b4 Rd8 21. Nf3 Be6 1/2-1/2

[Event "EU-ch U18"]
[Site "Prague"]
[Date "2012.08.23"]
[Round "7"]
[White "Olson, Hamish"]
[Black "Suchomel, Ales"]
[Result "0-1"]
[WhiteElo "2055"]
[BlackElo "2044"]
[PlyCount "62"]
[EventDate "2012.08.17"]
[EventType "swiss"]
[EventRounds "9"]
[EventCountry "CZE"]
[SourceTitle "CBM 150 Extra"]
[Source "ChessBase"]
[SourceDate "2012.10.19"]
[SourceVersion "1"]
[SourceVersionDate "2012.10.19"]
[SourceQuality "1"]

1. e4 c5 2. Nf3 e6 3. d3 Nc6 4. g3 g6 5. Bg2 Bg7 6. 0-0 Nge7 7. Nbd2 0-0 8. h4 h5 9. Qe1 d5 10. c3 Qc7 11. a4 b6 12. Qe2 d4 13. c4 e5 14. Ng5 f6 15. Nh3 Bh6 16. Nb3 Bxc1 17. Rfxc1 Kg7 18. Qd2 Ng8 19. a5 Bd7 20. Ra3 Nh6 21. f3 Nb4 22. Rca1 Qb7 23. Nf2 Rfc8 24. axb6 axb6 25. Qc1 Rxa3 26. Rxa3 Ra8 27. Kh2 Ra4 28. Bh3 Qa7 29. Nd2 Bxh3 30. Kxh3 Na2 31. Rxa4 Qd7+ 0-1

[Event "EU-ch U18"]
[Site "Prague"]
[Date "2012.08.19"]
[Round "3"]
[White "Suchomel, Ales"]
[Black "Gabovits, Ilia"]
[Result "1/2-1/2"]
[WhiteElo "2044"]
[BlackElo "1893"]
[PlyCount "54"]
[EventDate "2012.08.17"]
[EventType "swiss"]
[EventRounds "9"]
[EventCountry "CZE"]
[SourceTitle "CBM 150 Extra"]
[Source "ChessBase"]
[SourceDate "2012.10.19"]
[SourceVersion "1"]
[SourceVersionDate "2012.10.19"]
[SourceQuality "1"]

1. Nf3 Nf6 2. d4 g6 3. c4 Bg7 4. g3 0-0 5. Bg2 d6 6. 0-0 c6 7. Nc3 Bf5 8. Ne1 Be6 9. Qd3 d5 10. cxd5 cxd5 11. Qb5 Nc6 12. e3 Qb6 13. Qxb6 axb6 14. Bd2 Rfd8 15. Nc2 Bf5 16. Rfc1 e6 17. f3 Bxc2 18. Rxc2 Nb4 19. Rcc1 Ne8 20. g4 Bf8 21. a3 Nc6 22. Nb5 Rdc8 23. Rc2 Nd6 24. Rac1 Ne8 25. Bf1 Be7 26. Bd3 Rd8 27. Kf2 Bf6 1/2-1/2

[Event "EU-ch U18"]
[Site "Prague"]
[Date "2012.08.18"]
[Round "2"]
[White "Balacek, Tadeas"]
[Black "Suchomel, Ales"]
[Result "1-0"]
[WhiteElo "2178"]
[BlackElo "2044"]
[PlyCount "105"]
[EventDate "2012.08.17"]
[EventType "swiss"]
[EventRounds "9"]
[EventCountry "CZE"]
[SourceTitle "CBM 150 Extra"]
[Source "ChessBase"]
[SourceDate "2012.10.19"]
[SourceVersion "1"]
[SourceVersionDate "2012.10.19"]
[SourceQuality "1"]

1. d4 Nf6 2. c4 e6 3. g3 Bb4+ 4. Bd2 Be7 5. Bg2 d5 6. Nf3 c6 7. Qc2 b6 8. 0-0 0-0 9. Rd1 Ba6 10. b3 Nbd7 11. a4 Ne4 12. Be1 Rc8 13. a5 b5 14. c5 Qc7 15. Nc3 f5 16. b4 Bf6 17. e3 Rce8 18. Ne2 Bc8 19. h4 g6 20. Nh2 Bg7 21. f3 Nef6 22. g4 Rf7 23. Bg3 Qd8 24. Nc3 Nf8 25. Rf1 N6d7 26. Rad1 h6 27. Qd2 Nh7 28. e4 fxe4 29. fxe4 Rxf1+ 30. Rxf1 Rf8 31. Re1 Ndf6 32. Bd6 Rf7 33. Qd3 g5 34. exd5 Nxd5 35. Nxd5 exd5 36. Qe3 Qf6 37. Be5 Qe7 38. Bxg7 Qxe3+ 39. Rxe3 Kxg7 40. Nf3 gxh4 41. Ne5 Rf6 42. Rf3 Bb7 43. a6 Bxa6 44. Ra3 Bc8 45. Rxa7+ Kg8 46. Nxc6 Be6 47. Ne7+ Kh8 48. Nxd5 Rg6 49. Nf4 Rxg4 50. Nxe6 Ng5 51. Nxg5 hxg5 52. Kh2 Rxd4 53. c6 1-0

[Event "Liberec Desko op"]
[Site "Liberec"]
[Date "2012.07.25"]
[Round "6"]
[White "Jina, Jiri"]
[Black "Suchomel, Ales"]
[Result "1-0"]
[WhiteElo "2126"]
[BlackElo "2044"]
[PlyCount "41"]
[EventDate "2012.07.21"]
[EventType "swiss"]
[EventRounds "9"]
[EventCountry "CZE"]
[SourceTitle "CBM 149 Extra"]
[Source "ChessBase"]
[SourceDate "2012.08.24"]
[SourceVersion "1"]
[SourceVersionDate "2012.08.24"]
[SourceQuality "1"]

1. Nf3 Nf6 2. d4 e6 3. g3 d5 4. Bg2 c5 5. c4 dxc4 6. 0-0 Nc6 7. Ne5 Nxe5 8. dxe5 Qxd1 9. Rxd1 Nd7 10. f4 Rb8 11. a4 a5 12. Na3 Nb6 13. Bd2 Nxa4 14. Nxc4 b5 15. Bxa5 Bd7 16. Rxd7 Kxd7 17. Rd1+ Bd6 18. Nxd6 Ke7 19. b3 Nb6 20. Bb7 Nd7 21. Bc7 1-0

[Event "CZE-chT2C 1112"]
[Site "Czech Republic"]
[Date "2012.04.22"]
[Round "11.3"]
[White "Konopka, Lukas"]
[Black "Suchomel, Ales"]
[Result "1/2-1/2"]
[WhiteElo "1926"]
[BlackElo "1996"]
[PlyCount "87"]
[EventDate "2011.10.09"]
[EventType "team-tourn"]
[EventRounds "11"]
[EventCountry "CZE"]
[SourceTitle "EXT 2013"]
[Source "ChessBase"]
[SourceDate "2012.11.22"]
[SourceVersion "1"]
[SourceVersionDate "2012.11.22"]
[SourceQuality "1"]
[WhiteTeam "Turnov Zikuda III"]
[BlackTeam "Liberec"]
[WhiteTeamCountry "CZE"]
[BlackTeamCountry "CZE"]

1. e4 c5 2. Nf3 e6 3. d4 cxd4 4. Nxd4 a6 5. Bd3 Bc5 6. Nb3 Be7 7. 0-0 Nc6 8. Be3 Nf6 9. Nc3 0-0 10. f4 d6 11. a4 b6 12. Be2 Bb7 13. Bf3 Qc7 14. Qe2 Nd7 15. Kh1 Bf6 16. Rab1 Nc5 17. Nxc5 bxc5 18. e5 dxe5 19. fxe5 Qxe5 20. Qf2 Be7 21. Ne4 Nd4 22. Nf6+ Qxf6 23. Bxb7 Qxf2 24. Rxf2 Ra7 25. Be4 g6 26. b4 e5 27. c3 Ne6 28. b5 axb5 29. axb5 Rd7 30. b6 Rb8 31. c4 Nd4 32. Ra2 Rdd8 33. Ra7 Kf8 34. g4 f6 35. Bd5 g5 36. b7 Bd6 37. Bd2 Ke7 38. Ba5 Rf8 39. Ra8 Kd7 40. Bb6 Nc6 41. Ba7 Rxa8 42. bxa8Q Rxa8 43. Rb7+ Bc7 44. Bxc5 1/2-1/2

[Event "Novy Bor op 3rd"]
[Site "Novy Bor"]
[Date "2012.02.17"]
[Round "8"]
[White "Oresky, Jan"]
[Black "Suchomel, Ales"]
[Result "1-0"]
[WhiteElo "2227"]
[BlackElo "2010"]
[PlyCount "97"]
[EventDate "2012.02.11"]
[EventType "swiss"]
[EventRounds "9"]
[EventCountry "CZE"]
[SourceTitle "CBM 147 Extra"]
[Source "ChessBase"]
[SourceDate "2012.04.24"]
[SourceVersion "1"]
[SourceVersionDate "2012.04.24"]
[SourceQuality "1"]

1. e4 c5 2. Nf3 e6 3. d4 cxd4 4. Nxd4 a6 5. Nc3 Qc7 6. g3 Nf6 7. Bg2 Nc6 8. 0-0 Be7 9. Re1 d6 10. Nxc6 bxc6 11. e5 dxe5 12. Rxe5 Nd5 13. Qe1 Bb7 14. Re2 0-0 15. Ne4 c5 16. c4 Nf6 17. Bf4 Qb6 18. Be5 Nd7 19. Bc3 a5 20. Rd1 Rfd8 21. Red2 Nf8 22. Rxd8 Rxd8 23. Rxd8 Bxd8 24. Qd2 Bxe4 25. Bxe4 Qc7 26. Bc2 Nd7 27. Qd3 Nf6 28. Be5 Qb6 29. b3 Be7 30. Qf3 Qd8 31. Bc3 Nd7 32. Qe4 g6 33. Qe1 a4 34. bxa4 Bf6 35. a5 Bxc3 36. Qxc3 Nb8 37. Be4 Na6 38. Bb7 Nb4 39. a3 Qd1+ 40. Kg2 Nd3 41. a6 Qe2 42. Qxd3 Qxd3 43. a7 Qxc4 44. a8Q+ Kg7 45. a4 e5 46. a5 f5 47. Bd5 Qc3 48. Qg8+ Kh6 49. Qf8+ 1-0

[Event "Novy Bor op 3rd"]
[Site "Novy Bor"]
[Date "2012.02.16"]
[Round "7"]
[White "Suchomel, Ales"]
[Black "Volodin, Viktor Nikolaevich"]
[Result "1/2-1/2"]
[WhiteElo "2010"]
[BlackElo "2209"]
[PlyCount "71"]
[EventDate "2012.02.11"]
[EventType "swiss"]
[EventRounds "9"]
[EventCountry "CZE"]
[SourceTitle "CBM 147 Extra"]
[Source "ChessBase"]
[SourceDate "2012.04.24"]
[SourceVersion "1"]
[SourceVersionDate "2012.04.24"]
[SourceQuality "1"]

1. d4 d5 2. c4 e6 3. Nf3 Nf6 4. Bg5 h6 5. Bh4 Be7 6. e3 0-0 7. Nc3 b6 8. cxd5 Nxd5 9. Bxe7 Qxe7 10. Nxd5 exd5 11. Be2 Be6 12. 0-0 c5 13. dxc5 bxc5 14. Rc1 Nd7 15. Qd2 Rfb8 16. Rfd1 Qd8 17. Ne1 c4 18. Bf3 Nf6 19. Qc3 Qb6 20. Rd2 a5 21. g3 a4 22. a3 Qa7 23. Nc2 Rb3 24. Qe5 Nd7 25. Qd4 Nc5 26. Rb1 Rb6 27. Rdd1 Nb3 28. Qc3 Rd6 29. Nd4 Rb8 30. Nxb3 Rxb3 31. Qe5 Qd7 32. Qd4 Bf5 33. Rbc1 Bd3 34. Rd2 Qf5 35. Bd1 Rbb6 36. Bxa4 1/2-1/2

[Event "CZE-chTW U20 1112"]
[Site "Czech Republic"]
[Date "2012.01.21"]
[Round "6.1"]
[White "Papay, Marek"]
[Black "Suchomel, Ales"]
[Result "0-1"]
[WhiteElo "1949"]
[BlackElo "1996"]
[PlyCount "222"]
[EventDate "2011.10.15"]
[EventType "team-tourn"]
[EventRounds "7"]
[EventCountry "CZE"]
[SourceTitle "EXT 2013"]
[Source "ChessBase"]
[SourceDate "2012.11.22"]
[SourceVersion "1"]
[SourceVersionDate "2012.11.22"]
[SourceQuality "1"]
[WhiteTeam "Most"]
[BlackTeam "Liberec"]
[WhiteTeamCountry "CZE"]
[BlackTeamCountry "CZE"]

1. d4 Nf6 2. c4 e6 3. Nf3 b6 4. Nc3 Bb4 5. Bg5 h6 6. Bh4 Bb7 7. e3 0-0 8. Bd3 c5 9. 0-0 Bxc3 10. bxc3 d6 11. a4 Nbd7 12. Nd2 Qc7 13. Qb3 Rac8 14. Rfb1 g5 15. Bg3 Nh5 16. a5 Nxg3 17. hxg3 f5 18. axb6 axb6 19. Ra7 Ra8 20. Rba1 Rxa7 21. Rxa7 Ra8 22. Rxa8+ Bxa8 23. d5 Ne5 24. Bc2 Qb7 25. e4 f4 26. gxf4 gxf4 27. Qb5 Kf7 28. dxe6+ Ke7 29. Ba4 Qb8 30. Qb1 Kxe6 31. Qd1 Qa7 32. Bb5 Qh7 33. Qh5 Qg6 34. Qh3+ Ke7 35. f3 Bb7 36. Qh4+ Qg5 37. Qxg5+ hxg5 38. Kf2 Bc8 39. g4 Kd8 40. Ke2 Kc7 41. Kd1 Bb7 42. Ke2 Bc6 43. Nf1 Bd7 44. Nd2 Kd8 45. Nb1 Ke7 46. Nd2 Ke6 47. Ba6 Bc6 48. Bc8+ Ke7 49. Ba6 Kd7 50. Kd1 Kc7 51. Ke2 Bd7 52. Nb1 Bc6 53. Nd2 Kd7 54. Nb1 Ba4 55. Bb5+ Bxb5 56. cxb5 Ke6 57. Nd2 d5 58. exd5+ Kxd5 59. Ne4 Nxg4 60. Nxg5 Ne5 61. Nh3 Ng6 62. Nf2 Kc4 63. Ne4 Kxb5 64. Nd6+ Kc6 65. Nf5 Kd5 66. Kd3 Ne5+ 67. Ke2 b5 68. Nh4 Kc4 69. Kd2 b4 70. cxb4 cxb4 71. Ng2 Ng6 72. Kc2 b3+ 73. Kb2 Kb4 74. Kb1 Kc3 75. Kc1 Kb4 76. Kb1 Ka3 77. Ka1 Ne5 78. Nxf4 b2+ 79. Kb1 Nxf3 80. Nd3 Nd2+ 81. Kc2 b1Q+ 82. Kxd2 Qa2+ 83. Ke3 Qc4 84. Kd2 Kb3 85. Nc1+ Kb4 86. Nd3+ Kb5 87. Ke3 Qe6+ 88. Kd4 Qc4+ 89. Ke3 Qc3 90. Ke4 Kc4 91. Ne5+ Kc5 92. Nd3+ Kd6 93. Nf4 Qe1+ 94. Kf3 Qf1+ 95. Ke3 Ke5 96. Nd3+ Kd5 97. Nf4+ Kc4 98. Ne2 Qe1 99. Kf3 Kd3 100. Nf4+ Kd4 101. Ne2+ Ke5 102. Ke3 Qb4 103. Kd3 Qd6+ 104. Ke3 Qa3+ 105. Kd2 Qb3 106. Nc3 Kd4 107. Ne2+ Kc4 108. Ke1 Qe3 109. Kf1 Kd3 110. Ng1 Qg3 111. Ne2 Qf3+ 0-1

[Event "CZE-chT2C 1112"]
[Site "Czech Republic"]
[Date "2012.01.08"]
[Round "5.3"]
[White "Suchomel, Ales"]
[Black "Vojta, Pavel"]
[Result "0-1"]
[WhiteElo "1996"]
[BlackElo "2197"]
[PlyCount "94"]
[EventDate "2011.10.09"]
[EventType "team-tourn"]
[EventRounds "11"]
[EventCountry "CZE"]
[SourceTitle "EXT 2013"]
[Source "ChessBase"]
[SourceDate "2012.11.22"]
[SourceVersion "1"]
[SourceVersionDate "2012.11.22"]
[SourceQuality "1"]
[WhiteTeam "Liberec"]
[BlackTeam "Vlasim"]
[WhiteTeamCountry "CZE"]
[BlackTeamCountry "CZE"]

1. d4 Nf6 2. c4 e6 3. Nf3 b6 4. g3 Ba6 5. b3 Bb4+ 6. Bd2 Be7 7. Bg2 d5 8. Ne5 0-0 9. 0-0 c6 10. Bc3 Nfd7 11. Nxd7 Nxd7 12. Nd2 f5 13. Rc1 Rc8 14. Bb2 Nf6 15. Nf3 Ne4 16. Ne5 Bd6 17. f3 Nf6 18. f4 Ne4 19. Bxe4 dxe4 20. e3 Qe7 21. Qc2 c5 22. Qe2 Bxe5 23. dxe5 Rfd8 24. Rfd1 Rc7 25. Rxd8+ Qxd8 26. Rd1 Rd7 27. Rxd7 Qxd7 28. Kf2 b5 29. cxb5 Bxb5 30. Qc2 Qd5 31. Ke1 h6 32. Qd2 Bd3 33. Qc3 Kh7 34. h3 Qc6 35. Qd2 c4 36. bxc4 Qxc4 37. Bd4 a6 38. g4 Qc6 39. Kf2 Qb5 40. Qb2 Qe8 41. Qb7 fxg4 42. hxg4 Qg6 43. f5 exf5 44. gxf5 Qxf5+ 45. Kg1 Qf1+ 46. Kh2 Qf2+ 47. Kh3 h5 0-1

[Event "CZE-chT2C 1112"]
[Site "Czech Republic"]
[Date "2011.12.04"]
[Round "4.3"]
[White "Haba, Zdenek"]
[Black "Suchomel, Ales"]
[Result "1-0"]
[WhiteElo "2207"]
[BlackElo "1996"]
[PlyCount "77"]
[EventDate "2011.10.09"]
[EventType "team-tourn"]
[EventRounds "11"]
[EventCountry "CZE"]
[SourceTitle "EXT 2013"]
[Source "ChessBase"]
[SourceDate "2012.11.22"]
[SourceVersion "1"]
[SourceVersionDate "2012.11.22"]
[SourceQuality "1"]
[WhiteTeam "Ricany"]
[BlackTeam "Liberec"]
[WhiteTeamCountry "CZE"]
[BlackTeamCountry "CZE"]

1. d4 Nf6 2. c4 e6 3. g3 d5 4. Bg2 c6 5. Nf3 Nbd7 6. 0-0 Be7 7. Nc3 0-0 8. Qc2 dxc4 9. a4 c5 10. Rd1 cxd4 11. Nxd4 Bc5 12. Bg5 h6 13. Bxf6 Qxf6 14. Ne4 Qe7 15. Qxc4 Bxd4 16. Qxd4 Nb6 17. Qd6 Qxd6 18. Nxd6 Rb8 19. a5 Nd5 20. Bxd5 exd5 21. Rxd5 Rd8 22. Nxc8 Rbxc8 23. Rad1 Rxd5 24. Rxd5 Rc7 25. Kg2 Kf8 26. Kf3 Ke7 27. e4 Ke6 28. Ke3 Rc2 29. Rb5 Rc7 30. f4 Rd7 31. h4 Rc7 32. g4 Kd7 33. Kd4 Ke6 34. f5+ Ke7 35. e5 Rd7+ 36. Rd5 Rc7 37. Rc5 Rd7+ 38. Ke4 g6 39. Rc8 1-0

[Event "Liberec Metalmex op"]
[Site "Liberec"]
[Date "2011.08.21"]
[Round "9"]
[White "Neuman, Petr"]
[Black "Suchomel, Ales"]
[Result "1-0"]
[WhiteElo "2454"]
[BlackElo "1979"]
[PlyCount "89"]
[EventDate "2011.08.13"]
[EventType "swiss"]
[EventRounds "9"]
[EventCountry "CZE"]
[SourceTitle "CBM 143 Extra"]
[Source "ChessBase"]
[SourceDate "2011.08.29"]
[SourceVersion "1"]
[SourceVersionDate "2011.08.29"]
[SourceQuality "1"]

1. c4 Nf6 2. Nc3 g6 3. e4 d6 4. d4 Bg7 5. Nf3 0-0 6. Be2 e5 7. Be3 Nc6 8. d5 Ne7 9. Nd2 Nd7 10. b4 f5 11. f3 Rf7 12. c5 Bf8 13. Nc4 Nf6 14. a4 f4 15. Bf2 g5 16. cxd6 cxd6 17. Nb5 Ng6 18. Nxa7 Bd7 19. Nb5 Bxb5 20. axb5 g4 21. Kd2 h5 22. Rxa8 Qxa8 23. Qa1 Qe8 24. Qa5 h4 25. h3 gxf3 26. gxf3 Nh5 27. Nb6 Ng3 28. Rc1 Qe7 29. Qa8 Qg5 30. Rg1 Rc7 31. Qb8 Rc3 32. Nc4 Rb3 33. Qxb7 Qh5 34. Qd7 Nxe2 35. Qg4 Qxg4 36. Rxg4 Ng3 37. b6 Rxb4 38. Kc3 Rxb6 39. Bxb6 Kf7 40. Kd3 Nh5 41. Bd8 Nf6 42. Bxf6 Kxf6 43. Kc3 Be7 44. Kb4 Kf7 45. Rxg6 1-0

[Event "Liberec Metalmex op"]
[Site "Liberec"]
[Date "2011.08.19"]
[Round "7"]
[White "Vltavsky, Vladimir"]
[Black "Suchomel, Ales"]
[Result "1/2-1/2"]
[WhiteElo "2219"]
[BlackElo "1979"]
[PlyCount "61"]
[EventDate "2011.08.13"]
[EventType "swiss"]
[EventRounds "9"]
[EventCountry "CZE"]
[SourceTitle "CBM 143 Extra"]
[Source "ChessBase"]
[SourceDate "2011.08.29"]
[SourceVersion "1"]
[SourceVersionDate "2011.08.29"]
[SourceQuality "1"]

1. e4 c5 2. c3 d5 3. exd5 Qxd5 4. d4 cxd4 5. cxd4 e5 6. Nf3 exd4 7. Nxd4 Bb4+ 8. Nc3 Nc6 9. Nxc6 Qxc6 10. Qd4 Bxc3+ 11. Qxc3 Qxc3+ 12. bxc3 Be6 13. Bb5+ Bd7 14. Be2 Rc8 15. 0-0 Nf6 16. Be3 Rxc3 17. Bxa7 0-0 18. Bd4 Rc2 19. Bd1 Rd2 20. Be3 Rb2 21. Bb3 Be6 22. Bd4 Rd2 23. Bxf6 gxf6 24. Rfb1 Ra8 25. Bxe6 fxe6 26. h3 Ra7 27. Rb6 Kf7 28. a3 e5 29. Rab1 Rxa3 30. Rxb7+ Kg6 31. R7b2 1/2-1/2

[Event "Liberec Metalmex op"]
[Site "Liberec"]
[Date "2011.08.14"]
[Round "2"]
[White "Suchomel, Ales"]
[Black "Karafiat, Vaclav"]
[Result "1-0"]
[WhiteElo "1979"]
[BlackElo "1644"]
[PlyCount "81"]
[EventDate "2011.08.13"]
[EventType "swiss"]
[EventRounds "9"]
[EventCountry "CZE"]
[SourceTitle "CBM 143 Extra"]
[Source "ChessBase"]
[SourceDate "2011.08.29"]
[SourceVersion "1"]
[SourceVersionDate "2011.08.29"]
[SourceQuality "1"]

1. Nf3 Nf6 2. g3 d5 3. d4 e6 4. Bg2 Nbd7 5. Nbd2 Be7 6. 0-0 0-0 7. c4 c6 8. Qc2 b6 9. e4 dxe4 10. Nxe4 Nxe4 11. Qxe4 Bb7 12. Bf4 Nf6 13. Qc2 Nh5 14. Be3 Nf6 15. Ne5 Qc8 16. Qb3 Re8 17. Rad1 Rd8 18. f4 Bf8 19. Bf2 Qc7 20. Qc2 Qc8 21. Be3 g6 22. Bf3 Ne8 23. Qg2 Qc7 24. Nxc6 Bxc6 25. Bxc6 Rac8 26. Bxe8 Rxe8 27. b3 Bd6 28. Rd3 Red8 29. Rfd1 Qe7 30. Qe4 Qc7 31. Bc1 Qe7 32. Bb2 Ba3 33. Bc3 Bb4 34. Ba1 Qc7 35. Kf1 Bf8 36. d5 Bg7 37. Bxg7 Kxg7 38. dxe6 fxe6 39. Qxe6 Rxd3 40. Rxd3 Kh6 41. Qh3+ 1-0

[Event "CZE-ch U16"]
[Site "Kouty nad Desnou"]
[Date "2011.03.17"]
[Round "7"]
[White "Suchomel, Ales"]
[Black "Mikes, Jan"]
[Result "1/2-1/2"]
[WhiteElo "1991"]
[BlackElo "1864"]
[PlyCount "91"]
[EventDate "2011.03.12"]
[EventType "swiss"]
[EventRounds "9"]
[EventCountry "CZE"]
[SourceTitle "EXT 2014"]
[Source "ChessBase"]
[SourceDate "2013.11.20"]
[SourceVersion "1"]
[SourceVersionDate "2013.11.20"]
[SourceQuality "1"]

1. d4 Nf6 2. Nf3 e6 3. g3 d5 4. Bg2 Nbd7 5. 0-0 Be7 6. Nbd2 0-0 7. c4 c6 8. b3 Re8 9. Bb2 a5 10. Qc2 a4 11. Rac1 Qa5 12. c5 b6 13. cxb6 Bb7 14. Bc3 Qxb6 15. b4 Ba6 16. Rfe1 Bb5 17. a3 Qa6 18. e3 Bd3 19. Qd1 Rec8 20. Bb2 Rab8 21. Ba1 Rb6 22. Nb1 Ne4 23. Nfd2 Nd6 24. Bf1 Bxf1 25. Rxf1 Nb5 26. Bb2 Rcb8 27. Rc2 Nf6 28. Qe2 Qa7 29. Rfc1 Qb7 30. Nc3 Nxc3 31. Bxc3 Bd6 32. f3 Ne8 33. Bb2 Nc7 34. e4 Nb5 35. e5 Be7 36. f4 Qd7 37. Nf3 h6 38. Qd3 Na7 39. g4 Bxb4 40. axb4 Rxb4 41. Ba3 Rb3 42. Rc3 Rxc3 43. Rxc3 Nb5 44. Nd2 Nxc3 45. Qxc3 Qe8 46. Qc2 1/2-1/2

[Event "CZE-ch U16"]
[Site "Kouty nad Desnou"]
[Date "2011.03.16"]
[Round "6"]
[White "Musil, Jiri"]
[Black "Suchomel, Ales"]
[Result "1-0"]
[WhiteElo "1971"]
[BlackElo "1991"]
[PlyCount "127"]
[EventDate "2011.03.12"]
[EventType "swiss"]
[EventRounds "9"]
[EventCountry "CZE"]
[SourceTitle "EXT 2014"]
[Source "ChessBase"]
[SourceDate "2013.11.20"]
[SourceVersion "1"]
[SourceVersionDate "2013.11.20"]
[SourceQuality "1"]

1. e4 e6 2. d4 d5 3. Nd2 c5 4. exd5 Qxd5 5. Ngf3 cxd4 6. Bc4 Qc5 7. Qe2 Nc6 8. Nb3 Qb6 9. 0-0 Nf6 10. Rd1 Bc5 11. a4 a6 12. a5 Qa7 13. Nxc5 Qxc5 14. b3 Qh5 15. Nxd4 Qxe2 16. Bxe2 Bd7 17. Nxc6 Bxc6 18. Ba3 Nd5 19. Bf1 0-0-0 20. c4 Nf4 21. Be7 Rxd1 22. Rxd1 Ng6 23. Bd6 Rd8 24. Be2 Be4 25. b4 Bc2 26. Rd2 Nh4 27. b5 axb5 28. cxb5 Be4 29. f3 Nf5 30. Bf4 Rxd2 31. Bxd2 Bd5 32. Bd3 g6 33. Bb4 Ne3 34. Bc5 Nc4 35. a6 bxa6 36. bxa6 Kb8 37. Be4 Bxe4 38. fxe4 Nd2 39. e5 Nc4 40. Bd4 Na5 41. Kf2 Nc6 42. Ke3 Nb4 43. a7+ Kb7 44. Kf4 Nc6 45. Be3 h6 46. Ke4 Nxa7 47. Bxh6 Kc7 48. Kf4 Kd7 49. Bf8 Ke8 50. Bd6 Nc8 51. Bc5 Ne7 52. Bxe7 Kxe7 53. Kg5 f6+ 54. Kxg6 fxe5 55. Kg5 Kf7 56. h4 Kg7 57. g3 Kf7 58. h5 Kg7 59. g4 Kh7 60. Kh4 Kh6 61. g5+ Kg7 62. Kg4 Kf7 63. Kf3 Kg7 64. Ke4 1-0